ნორმალური ფორმატი
MARC ფორმატი
ჩანაწერი Personal Name
ჩანაწერთა რაოდენობა, რომელიც გამოყენებულია: 3
001 - CONTROL NUMBER
- control field: 12902
003 - CONTROL NUMBER IDENTIFIER
- control field: GE_BSU
005 - DATE AND TIME OF LATEST TRANSACTION
- control field: 20211112145421.0
008 - FIXED-LENGTH DATA ELEMENTS
- fixed length control field: 211112|| aca||aabn | a|a d
040 ## - CATALOGING SOURCE
- Original cataloging agency: GE_BSU
- Transcribing agency: GE_BSU
100 ## - HEADING--PERSONAL NAME
- Personal name: Hamming, R. W.
- Fuller form of name: (Richard Wesley),
- Dates associated with a name: 1915-1998.
670 ## - SOURCE DATA FOUND
- Source citation: Work cat.: (GE_BSU)0: Hamming, R. W. (Richard Wesley), 1915-1998., Numerical methods for scientists and engineers /, 1987, c1973.
